000 00834nas a2200277 4500
001 BR9101189
003 BR-BrBNA
005 20231205091952.0
007 ta
008 230509b bl.|||p| |||| 00| 00por d
040 _aBR-BrBNA
_bpor
_cBiblioteca Nacional de Agricultura
041 _a(Pt)
072 _aP35; P32
100 1 _aFerreira, P.A.
100 1 _aRibeiro, A.C.
100 1 _aSantos, C.R. dos
100 1 _aHenriques, H.P.
100 1 _aCaixeta, T.J.
245 1 _aMovimento vertical de nitrato, amonio, cloreto e potassio em colunas de solo irrigado
650 _aQUIMICA DO SOLO
650 _aLATOSSOLO
650 _aPERFIL DO SOLO
773 0 _tRevista Ceres (Brazil)
_xISSN 0034-737X
_g(Mar-Apr 1990), v. 37(210) p. 152-166
_wBR9101189
909 _a202311
_bLúcia
_c55
_dLúcia Elande
942 _2AGRIS
_n0
_cANA
999 _c128427
_d128427